Airplane Quiz - Statistics

General Stats
  • This quiz has been taken 6,030 times
  • The average score is 12 of 15
Answer Stats
Picture Answer % Correct
Airbus a380
98%
Boeing 747
98%
Boeing 737
97%
Airbus a340
93%
Airbus a320
92%
Boeing 777
91%
Airbus a330
90%
Boeing 767
89%
Boeing 787
89%
Boeing 727
85%
McDonnell Douglas DC-10
76%
Boeing 717
75%
McDonnell Douglas MD-11
72%
Airbus a310
69%
Embraer 170
35%
No matching quizzes found
Score Distribution
Percent of People with Each Score
Percentile by Number Answered
Your Score History
You have not taken this quiz